Normal view MARC view
  • Islamic countries

Entry Topical Term

Number of records used in: 1

001 - CONTROL NUMBER

  • control field: 41245

003 - CONTROL NUMBER IDENTIFIER

  • control field: OSt

005 - DATE AND TIME OF LATEST TRANSACTION

  • control field: 20160926141919.0

008 - FIXED-LENGTH DATA ELEMENTS

  • fixed length control field: 160926|| aca||babn | a|a d

040 ## - CATALOGING SOURCE

  • Original cataloging agency: OSt

150 ## - HEADING--TOPICAL TERM

  • Topical term or geographic name as entry element: Islamic countries
  • General subdivision: Commerce